• 首页
  • 本馆介绍
  • 公告通知
  • 最新文献
  • 馆藏检索
  • 电子资源
  • 读者导购
  • 参考咨询
  • 我的图书馆
  • 登录
  • 详细信息显示
  • 放入我的书架
  • 预约/预借图书
  • 作者相关作品
  • 分类相关作品
  • 丛书相关作品
  • 出版社相关作品

书目信息

  • 表格格式
  • 工作单格式
  • 卡片格式
题名:
中国应用运动心理学家的理论与实践
    
 
作者: 姒刚彦 著
分册:  
出版信息: 北京   北京体育大学出版社  2010
页数: 140页
开本: 23cm
丛书名: 香港体育学院精品文丛
单 册:
中图分类: G804.8
科图分类:
主题词: 体育心理学--研究 , 体育心理学
电子资源:
ISBN: 978-7-5644-0175-7
000 00978oam2 2200265 45
001 1138460141
005 20110419100001.87
010    @a978-7-5644-0175-7@dCNY22.00
100    @a20110409d2010 em y0chiy0110 ea
101 0  @achi
102    @aCN@b110000
105    @aa z 000yy
106    @ar
200 1  @a中国应用运动心理学家的理论与实践@AZhong Guo Ying Yong Yun Dong Xin Li Xue Jia De Li Lun Yu Shi Jian@e原野上的树与果@EYuan Ye Shang De Shu Yu Guo@f姒刚彦著@FSi Gang Yan Zhu
210    @a北京@c北京体育大学出版社@d2010
215    @a140页@c照片@d23cm
225 2  @a香港体育学院精品文丛
330    @a本书对应用运动心理学进行研究,全书共分为七章,内容包括对理想竞技表现的重新定义及心理训练凡事变革、运动心理学临场支持服务等。
461  0 @12001 @a香港体育学院精品文丛
606 0  @a体育心理学@x研究
606 0  @a体育心理学
690    @aG804.8@v4
701  0 @a姒刚彦@ASi Gang Yan@f(1957~)@4著
801  0 @aCN@bTANGWEI@c20110419
905    @b0535884-88@dG804.8@e470@f5
    
    中国应用运动心理学家的理论与实践:原野上的树与果/姒刚彦著.-北京:北京体育大学出版社,2010
    140页:照片;23cm.-(香港体育学院精品文丛)
    
    
    ISBN 978-7-5644-0175-7:CNY22.00
    本书对应用运动心理学进行研究,全书共分为七章,内容包括对理想竞技表现的重新定义及心理训练凡事变革、运动心理学临场支持服务等。
●
相关链接 在E读中查询图书 在五车中查询图书 在当当中查询图书 在豆瓣中查询图书


正题名:中国应用运动心理学家的理论与实践     索取号:G804.8/470         预约/预借

序号 登录号 条形码 馆藏地/架位号 状态 备注
1 0535884   205358842   第一样本阅览室/ [索取号:G804.8/470] 在馆    
2 0535885   205358851   第四借阅区/ [索取号:G804.8/470] 在馆    
3 0535886   205358860   教育系资料室/ [索取号:G804.8/470] 在馆    
4 0535887   205358879   第四借阅区/ [索取号:G804.8/470] 在馆    
5 0535888   205358888   第四借阅区/ [索取号:G804.8/470] 在馆    
唐山师范学院图书馆 欢迎您!
大连网信软件有限公司© 版权所有